Len Inter vyhral vonku extraliga basketbalistov - 32. kolo: Sviťania rozdrvili v derby Spišiakov

Bibliographic Details
Format: Article
Language:Slovak
PhysicalDescription:Fotogr., tab.
ISSN:0139-7001
Subjects:

MARC

LEADER 00000nab a2200000 ar4500
001 vtls008956041
003 SK-MaSNL
005 20260303070355.0
008 070316c20070307xo wr|p|||||||000 b|slo
015 |a SNBRBL2007/03  |2 snkbucl 
038 |a SNKBUCL 
040 |a SNKBUCL  |b slo  |c SNKBUCL  |e AACR2 
041 0 |a slo 
044 |a xo  |c SK 
080 |a 796.323.2.093.1  |2 2001 
245 0 0 |a Len Inter vyhral vonku  |b extraliga basketbalistov - 32. kolo: Sviťania rozdrvili v derby Spišiakov 
300 |b Fotogr., tab. 
648 7 |a sezóna 2006/2007  |2 snkbucl  |9 1032718 
650 0 7 |a basketbal  |2 snkbucl  |9 3290 
650 0 7 |a muži  |2 snkbucl  |9 4888 
650 0 7 |a extraliga  |2 snkbucl  |9 18992 
650 0 7 |a 32. kolo  |2 snkbucl  |9 1028625 
773 0 |t Šport  |g Roč. 61, č. 56 (8.3.2007), s. 28  |x 0139-7001 
852 |a SNK  |b KIS3GCP 
999 |c 1755081  |d 1757011